Statystyki dla Podaj tytuły piosenek Taylor Swift z płyty Speak Now

Kliknij tutaj aby rozwiązać quiz!

Ogólne statystyki

  • Ten quiz został rozwiązany 15 razy
  • Średni wynik to 12 z 22

Statystyki odpowiedzi

L.p.Piosenka% Poprawnych
4.Speak Now
100%
6.Mean
83%
1.Mine
83%
2.Sparks Fly
83%
3.Back to December
75%
5.Dear John
75%
9.Enchanted
75%
19.I Can See You
67%
14.Long Live
67%
12.Haunted
50%
22.Timeless
50%
10.Better Than Revenge
42%
21.Foolish One
42%
15.Ours
42%
16.Superman
42%
20.Castles Crumbling
33%
17.Electric Touch
33%
13.Last Kiss
33%
18.When Emma Falls in Love
33%
11.Innocent
25%
8.Never Grow Up
25%
7.The Story of Us
25%

Rozkład punktacji

Percentyl według liczby udzielonych odpowiedzi

Procent ludzi z każdym wynikiem

Twoja historia wyników

Nie rozwiązałeś tego quizu